1427 1146 1388 1120 1463 1235 1008 1270 1036 1222 1822 1702 1218 1892 1716 1966 1141 1330 1003 1687 1722 1902 1201 1976 1919 1694 1462 1249 1577 1202 1310 1436 1280 1983 1216 1750 1592 1668 1824 1031 1842 1484 1119 1985 1875 1989 1355 1638 1190 1918 1289 1344 1319 1675 1655 1886 1431 1800 1102 1246 1971 1162 1660 1961 1420 1257 1546 1590 1613 1007 1971 1764 1262 1952 1347 1342 1433 1644 1305 1945 1482 1434 1803 1894 1288 1683 1795 1660 1010 1422 1809 1676 1270 1335 1924 1300 1481 1434 1758 BCNSPRNW ULIB Ver.6.0+V

เปลี่ยนเป็นภาษาไทย

Change to English
 แสดงรายละเอียดบรรณานุกรม
  กลับหน้าหลัก

Brief Record : Get Marc (ISO 2709) : E-mail record : QR code < ปิดหน้าต่าง
LEADER : 00000nam 2200000uu 4500
001    13399112548
003     ULIB
008    110824s2554||||th 000 0 tha d
020    9786165020725
090    นว.^bบ111ซ 2554
100 0  baiboau
245 00 ซาตานหัวใจหิน/^cbaiboau
250    พิมพ์ครั้งที่ 1
260    กรุงเทพฯ :^bSugar Beat,^c2554
300    327 หน้า
945    ^p220^l0^i18517
995    กัณชพร
999    ^aใช้งานได้ทุกระบบ
รายการนี้ยังไม่มีแท็ก
คุณยังไม่ได้ล็อกอิน คุณสามารถมีกิจกรรมร่วมกับเว็บไซต์ได้ แต่ต้องล็อกอินก่อน ::
  ล็อกอิน

รายการสื่อสารสนเทศ

ลำดับที่ ประเภท เลขเรียก/บาร์โค้ด สถานที่ สถานะ
1. นวนิยาย
นวนิยาย
นว. บ111ซ 2554  
  Barcode: 18517
ห้องสมุดวิทยาเขตนครสวรรค์
►นวนิยาย:l:Fiction
บนชั้น

รายการใกล้เคียง
    ผู้แต่ง [baiboau]

BibComment


ยังไม่เคยถูกคอมเมนท์

คอมเมนท์ทรัพยากรรายการนี้
  คอมเมนท์: ซาตานหัวใจหิน bai..


 Copyright 2026. Bcnsprnw @Library